[Event "La Fontera Rumbo al Panamericano"]
[Site "La Fontera"]
[Date "2018.04.??"]
[Round "4.2"]
[White "Larama Denis, Giovanni Andre"]
[Black "Mazo Lagos, Julian Ignacio"]
[Result "1-0"]
[WhiteElo "1693"]
[BlackElo "988"]
[PlyCount "57"]
[EventDate "2018.04.28"]
[EventType "tourn"]
[EventRounds "7"]
[EventCountry "CHI"]
[SourceTitle "EXT 2024"]
[Source "ChessBase"]
[SourceDate "2023.10.10"]
[SourceVersion "1"]
[SourceVersionDate "2023.10.10"]
[SourceQuality "1"]

1. f4 d5 2. Nf3 Nc6 3. b3 f6 4. Bb2 Bg4 5. e3 e6 6. Be2 Bd6 7. 0-0 e5 8. fxe5 fxe5 9. g3 Nge7 10. Ng5 Bxe2 11. Qxe2 Ng6 12. Nf7 Qe7 13. Nxh8 Nxh8 14. a3 0-0-0 15. Nc3 d4 16. Nd5 Qe6 17. Qc4 dxe3 18. Nb6+ cxb6 19. Qxe6+ Rd7 20. dxe3 Nd8 21. Qg4 Ng6 22. Rad1 Kc7 23. c4 a5 24. b4 axb4 25. axb4 Ne7 26. c5 bxc5 27. bxc5 Bxc5 28. Qxd7+ Kb6 29. Qxd8+ 1-0

[Event "La Fontera Rumbo al Panamericano"]
[Site "La Fontera"]
[Date "2018.04.??"]
[Round "3.4"]
[White "Mazo Lagos, Julian Ignacio"]
[Black "Navarrete Sandoval, Francisco Javier"]
[Result "0-1"]
[WhiteElo "988"]
[BlackElo "1852"]
[PlyCount "56"]
[EventDate "2018.04.28"]
[EventType "tourn"]
[EventRounds "7"]
[EventCountry "CHI"]
[SourceTitle "EXT 2024"]
[Source "ChessBase"]
[SourceDate "2023.10.10"]
[SourceVersion "1"]
[SourceVersionDate "2023.10.10"]
[SourceQuality "1"]

1. e4 e5 2. Nf3 d6 3. Bc4 Nd7 4. Nc3 c6 5. d3 Be7 6. 0-0 Ngf6 7. Bg5 0-0 8. d4 Qc7 9. dxe5 dxe5 10. Re1 Nc5 11. b4 Ne6 12. a3 Nxg5 13. Nxg5 Bg4 14. Qd3 h6 15. Nh3 Nh5 16. Nd1 b5 17. Bb3 Rad8 18. Qc3 Rd6 19. Ne3 Bxh3 20. gxh3 Nf4 21. Nf5 Rg6+ 22. Kf1 Rg2 23. Ne3 Rxh2 24. Kg1 Rxh3 25. Qb2 Bh4 26. Rad1 Qe7 27. Rd2 Qg5+ 28. Kf1 Rh1# 0-1

[Event "La Fontera Rumbo al Panamericano"]
[Site "La Fontera"]
[Date "2018.04.??"]
[Round "5.3"]
[White "Mazo Lagos, Julian Ignacio"]
[Black "Perez Gonzalez, Felipe Ignacio"]
[Result "0-1"]
[WhiteElo "988"]
[BlackElo "1779"]
[PlyCount "70"]
[EventDate "2018.04.28"]
[EventType "tourn"]
[EventRounds "7"]
[EventCountry "CHI"]
[SourceTitle "EXT 2024"]
[Source "ChessBase"]
[SourceDate "2023.10.10"]
[SourceVersion "1"]
[SourceVersionDate "2023.10.10"]
[SourceQuality "1"]

1. e4 c5 2. Nf3 Nc6 3. Bc4 d6 4. c3 Nf6 5. d3 g6 6. Bg5 Bg7 7. 0-0 0-0 8. Nbd2 Qb6 9. Re1 Qxb2 10. Rc1 Bg4 11. h3 Bd7 12. Rc2 Qb6 13. e5 dxe5 14. Nxe5 Nxe5 15. Rxe5 e6 16. Re2 Nd5 17. Bxd5 exd5 18. Nf3 Ba4 19. Qc1 Bxc2 20. Rxc2 Rfe8 21. Bh6 Bh8 22. Qf4 Qb1+ 23. Rc1 Qxd3 24. h4 Re6 25. Bg5 Rae8 26. h5 Qf5 27. Qg3 gxh5 28. Nh4 Qg4 29. Nf5 Re1+ 30. Rxe1 Rxe1+ 31. Kh2 Qxg3+ 32. Nxg3 Bxc3 33. Nxh5 d4 34. Nf6+ Kg7 35. f4 d3 0-1

[Event "La Fontera Rumbo al Panamericano"]
[Site "La Fontera"]
[Date "2018.04.??"]
[Round "1.4"]
[White "Parra Lagos, Alexis Leonel"]
[Black "Mazo Lagos, Julian Ignacio"]
[Result "1-0"]
[WhiteElo "1260"]
[BlackElo "988"]
[PlyCount "49"]
[EventDate "2018.04.28"]
[EventType "tourn"]
[EventRounds "7"]
[EventCountry "CHI"]
[SourceTitle "EXT 2024"]
[Source "ChessBase"]
[SourceDate "2023.10.10"]
[SourceVersion "1"]
[SourceVersionDate "2023.10.10"]
[SourceQuality "1"]

1. d4 d5 2. c4 c6 3. Nc3 Nf6 4. Nf3 e6 5. c5 b6 6. b4 g6 7. Bg5 Bg7 8. e3 Qd7 9. Bxf6 Bxf6 10. Ne5 Qc7 11. f4 a5 12. b5 cxb5 13. Nxb5 Qe7 14. Nd6+ Kf8 15. Nxc8 Qc7 16. Nxb6 Ra7 17. Bb5 Bxe5 18. fxe5 Qd8 19. 0-0 h5 20. Bd3 Kg7 21. Rf6 Rh6 22. Qf3 Qh8 23. Rf1 Qg8 24. Nc8 Rc7 25. Nd6 1-0